Fairy Godmother's Song Quiz Stats

 Plays Quiz not verified by Sporcle

Support Sporcle.
Go Orange.
Score 0/232 Timer 10:00
0 Plays Today
Hint Answer % Correct
to
100%
to
100%
a
100%
a
100%
the
100%
a
100%
a
100%
a
100%
A
100%
and
100%
you
100%
a
100%
you
100%
you
100%
The
100%
a
100%
the
100%
a
100%
A
100%
to
100%
a
100%
A
100%
and
100%
a
100%
a
100%
and
100%
and
100%
to
100%
the
100%
to
100%
a
100%
the
100%
a
100%
the
100%
You
100%
the
100%
the
100%
to
100%
Your
83.3%
have
83.3%
my
83.3%
what
83.3%
my
83.3%
your
83.3%
be
83.3%
in
83.3%
your
83.3%
in
83.3%
your
83.3%
your
83.3%
in
83.3%
your
83.3%
have
83.3%
in
83.3%
be
83.3%
be
83.3%
Your
83.3%
have
83.3%
Have
83.3%
me
66.7%
So
66.7%
here
66.7%
I
66.7%
her
66.7%
With
66.7%
just
66.7%
wave
66.7%
of
66.7%
magic
66.7%
wand
66.7%
troubles
66.7%
will
66.7%
soon
66.7%
gone
66.7%
With
66.7%
flick
66.7%
of
66.7%
wrist
66.7%
Hint Answer % Correct
just
66.7%
flash
66.7%
land
66.7%
prince
66.7%
with
66.7%
ton
66.7%
of
66.7%
cash
66.7%
dress
66.7%
by
66.7%
mice
66.7%
no
66.7%
less
66.7%
no
66.7%
stress
66.7%
will
66.7%
will
66.7%
We'll
66.7%
help
66.7%
new
66.7%
fashion
66.7%
trend
66.7%
I'll
66.7%
make
66.7%
fancy
66.7%
I'll
66.7%
make
66.7%
great
66.7%
kind
66.7%
of
66.7%
gal
66.7%
prince
66.7%
would
66.7%
date
66.7%
on
66.7%
sexy
66.7%
man
66.7%
Kyle
66.7%
will
66.7%
hey
66.7%
Bichon
66.7%
Frise
66.7%
tuck
66.7%
here
66.7%
there
66.7%
land
66.7%
prince
66.7%
with
66.7%
perfect
66.7%
hair
66.7%
prince
66.7%
with
66.7%
sexy
66.7%
tush
66.7%
swoon
66.7%
on
66.7%
moon
66.7%
with
66.7%
prince
66.7%
prince
66.7%
will
66.7%
tears
50%
called
50%
comes
50%
sweet
50%
remedy
50%
know
50%
every
50%
princess
50%
needs
50%
for
50%
live
50%
life
50%
happily
50%
you'll
50%
made
50%
crystal
50%
pumps
50%
Hint Answer % Correct
more
50%
vanish
50%
Confide
50%
very
50%
own
50%
furniture
50%
friends
50%
set
50%
They'll
50%
write
50%
name
50%
bathroom
50%
wall
50%
For
50%
happy
50%
ever
50%
after
50%
give
50%
Fiona
50%
call
50%
sporty
50%
carriage
50%
ride
50%
style
50%
boy
50%
chauffer
50%
Vanish
50%
blemishes
50%
tooth
50%
decay
50%
cellulite
50%
away
50%
Nip
50%
that
50%
Lipstick
50%
shadow
50%
blush
50%
get
50%
that
50%
For
50%
lipstick
50%
can
50%
this
50%
tune
50%
Don't
50%
sad
50%
you'll
50%
fab
50%
chicken
50%
fallen
33.3%
high
33.3%
priced
33.3%
Some
33.3%
glass
33.3%
Worries
33.3%
soul
33.3%
cleanse
33.3%
thighs
33.3%
fade
33.3%
hool
33.3%
liners
33.3%
Lucky
33.3%
day
33.3%
hunk
33.3%
buffet
33.3%
roll
33.3%
hay
33.3%
rock
33.3%
hard
33.3%
abs
33.3%
Cheese
33.3%
souflee
33.3%
Valentine's
33.3%
Day
33.3%
some
33.3%
fricassee
33.3%

You're not logged in!

Compare scores with friends on all Sporcle quizzes.
OR
Log In

From the Vault

20 Ways to Cook Eggs

by ZYX

Who really cares if the chicken or the egg came first? Both are tasty.
Remove Ads.
Support Sporcle.
Get the best of Sporcle when you Go Orange. This ad-free experience offers more features, more stats, and more fun while also helping to support Sporcle. Thank you for becoming a member.

Show Comments

Extras

Created Feb 17, 2020ReportNominate
Tags:Song Quiz, Fairy

Top Quizzes Today


Score Distribution

Your Account Isn't Verified!

In order to create a playlist on Sporcle, you need to verify the email address you used during registration. Go to your Sporcle Settings to finish the process.

Report this User

Report this user for behavior that violates our Community Guidelines.

Details: